000 00696nam a2200217Ia 4500
003 GCL
005 20240530102503.0
008 140319s9999 xx 000 0 ara d
040 _aGCL /
_cGCL
082 0 4 _a811.009
_bس ل
100 1 _aالسيد فضل
245 1 0 _aلغة الخطاب وحوار النصوص : دراسة فى ديوان ناجى /
_cالسيد فضل
260 _a[S.N] :
_bمنشاة المعارف الاسلامية ،
_c1992
300 _a167 ص
650 0 4 _aالشعر العربى
650 0 4 _aالادب العربى
650 0 4 _aالعصر الحديث
650 0 4 _aالبلاغة العربية
650 0 4 _aتاريخ ونقد
942 _2ddc
_cBK
999 _c32604
_d32604